Alice nos país das maravilhas / (Record no. 311)

MARC details
000 -LÍDER
campo de controle de tamanho fixo 01756nam a22003977a 4500
001 - NÚMERO DE CONTROLE
campo de controle 311
003 - IDENTIFICADOR DO NÚMERO DE CONTROLE
campo de controle OSt
005 - DATA E HORÁRIO DA ÚLTIMA TRANSAÇÃO
campo de controle 20250528074017.0
008 - CAMPO DE DADOS FIXOS--INFORMAÇÃO GERAL
campo de controle de tamanho fixo 250325b |||||||e |||| 00| f eng d
040 ## - FONTE DA CATALOGAÇÃO
Idioma da catalogação por
041 ## - CÓDIGO DE IDIOMA
Código do idioma do original e/ou traduções intermediárias do texto eng
Código do idioma do texto/trilha sonora ou título diferente por
082 ## - CDD - CLASSIFICAÇÃO DECIMAL DE DEWEY
Número de Classificação 028.5
Número do exemplar C319a
100 1# - ENTRADA PRINCIPAL--NOME PESSOAL
Nome pessoal Carroll, Lewis,
Datas associadas ao nome 1832-1898
9 (RLIN) 616
240 ## - TÍTULO UNIFORME
Título uniforme Alice´s adventures in Wonderland
245 ## - TÍTULO
Título Alice nos país das maravilhas /
Indicação de responsabilidade, etc. Carroll, Lewis ; Tradução, introdução e notas de Isabel de Lorenzo ; Tradução dos poemas de Nelson Ascher ; Apresentação de Francisco Achcar e Ilustração de Peter Newell
260 ## - PUBLICAÇÃO, DISTRIBUIÇÃO, ETC.
Local de publicação, distribuição, etc. São Paulo
Nome do editor, distribuidor, etc. Sol
Data da publicação, distribuição, etc. 2000
300 ## - DESCRIÇÃO FÍSICA
Extensão 120 p.
Outros detalhes físicos il.
490 1# - TÍTULO DA SÉRIE
Título da série Objetivo
520 ## - NOTA DE RESUMO, ETC.
Resumo, etc. As numerosas e divertidíssimas "loucuras" deste livro envolvem questões de lógica, física, filosofia etc. Não seria exagero afirmar que a obra foi destinada a crianças porque era muito "louca" para ser pacificamente aceita pelos leitores adultos de sua época. Contudo, Alice no País das Maravilhas foi sempre, para leitores de todas as idades, um extraordinário texto de prazer, uma leitura das mais surpreendentes e deliciosas que o mundo dos livros pode oferecer.
650 #0 - ASSUNTO--TERMO TÓPICO
Cabeçalho tópico ou nome geográfico Literatura Inglesa
9 (RLIN) 89
650 #0 - ASSUNTO--TERMO TÓPICO
Cabeçalho tópico ou nome geográfico Adaptação
9 (RLIN) 788
650 #0 - ASSUNTO--TERMO TÓPICO
Cabeçalho tópico ou nome geográfico Infantojuvenil
9 (RLIN) 200
650 #0 - ASSUNTO--TERMO TÓPICO
Cabeçalho tópico ou nome geográfico Clássicos
9 (RLIN) 77
650 #0 - ASSUNTO--TERMO TÓPICO
Cabeçalho tópico ou nome geográfico Fantasia
9 (RLIN) 45
650 #0 - ASSUNTO--TERMO TÓPICO
Cabeçalho tópico ou nome geográfico Aventura
9 (RLIN) 47
650 #0 - ASSUNTO--TERMO TÓPICO
Cabeçalho tópico ou nome geográfico Seres mágicos
9 (RLIN) 46
650 #0 - ASSUNTO--TERMO TÓPICO
Cabeçalho tópico ou nome geográfico Filme
9 (RLIN) 26
655 #0 - TERMO DE ÍNDICE--GÊNERO E FORMA
Gênero/forma/ou termo foco Romance
655 #0 - TERMO DE ÍNDICE--GÊNERO E FORMA
Gênero/forma/ou termo foco Ficção
700 ## - ENTRADA ADICIONADA - NOME PESSOAL
Nome pessoal Isabel de Lorenzo
Função do autor por extenso Tradução
-- Introdução
-- Notas
9 (RLIN) 617
700 ## - ENTRADA ADICIONADA - NOME PESSOAL
Nome pessoal Nelson Ascher
Função do autor por extenso Tradução dos poemas
9 (RLIN) 618
700 ## - ENTRADA ADICIONADA - NOME PESSOAL
Nome pessoal Francisco Achcar
Função do autor por extenso Apresentação
9 (RLIN) 619
700 ## - ENTRADA ADICIONADA - NOME PESSOAL
Nome pessoal Peter Newell
Função do autor por extenso Ilustração
9 (RLIN) 620
830 ## - ENTRADA SECUNDÁRIA DE SÉRIE--TÍTULO UNIFORME
Título uniforme Objetivo
9 (RLIN) 615
942 ## - ELEMENTOS DE ENTRADA ADICIONADOS (KOHA)
Fonte de classificação ou esquema de arquivamento Classificação decimal de Dewey
Ocultar no OPAC Não
Tipo de material Koha Livros
Holdings
Situação do descarte Situação das perdas Fonte de classificação ou esquema de arquivamento Status danificado Não pode ser emprestado Coleção Biblioteca de origem Biblioteca atual Localização na estante Data de aquisição Fonte de aquisição Total de empréstimos Número de chamada completo Código de barras Data de último acesso Número do exemplar Data do preço efetivo Tipo de material Koha
    Classificação decimal de Dewey     Ficção Biblioteca Professor Eduardo Afonso de Castro Biblioteca Professor Eduardo Afonso de Castro Infanto Juvenil 25.03.2025 doação   IJ 028.5 / C319a 2025-17263 25.03.2025 Ex. 01 25.03.2025 Livros

Powered by Koha